<?xml version="1.0" encoding="UTF-8"?><?xml-stylesheet type="text/xsl" href="static/style.xsl"?><OAI-PMH xmlns="http://www.openarchives.org/OAI/2.0/" xmlns:xsi="http://www.w3.org/2001/XMLSchema-instance" xsi:schemaLocation="http://www.openarchives.org/OAI/2.0/ http://www.openarchives.org/OAI/2.0/OAI-PMH.xsd"><responseDate>2026-04-30T05:16:49Z</responseDate><request verb="GetRecord" identifier="oai:uvadoc.uva.es:10324/48036" metadataPrefix="marc">https://uvadoc.uva.es/oai/request</request><GetRecord><record><header><identifier>oai:uvadoc.uva.es:10324/48036</identifier><datestamp>2021-12-17T08:03:13Z</datestamp><setSpec>com_10324_38</setSpec><setSpec>col_10324_852</setSpec></header><metadata><record xmlns="http://www.loc.gov/MARC21/slim" xmlns:doc="http://www.lyncode.com/xoai" xmlns:xsi="http://www.w3.org/2001/XMLSchema-instance" xmlns:dcterms="http://purl.org/dc/terms/" xsi:schemaLocation="http://www.loc.gov/MARC21/slim http://www.loc.gov/standards/marcxml/schema/MARC21slim.xsd">
<leader>00925njm 22002777a 4500</leader>
<datafield tag="042" ind1=" " ind2=" ">
<subfield code="a">dc</subfield>
</datafield>
<datafield tag="720" ind1=" " ind2=" ">
<subfield code="a">Carranza Burgueño, Carlota Pilar</subfield>
<subfield code="e">author</subfield>
</datafield>
<datafield tag="260" ind1=" " ind2=" ">
<subfield code="c">2021</subfield>
</datafield>
<datafield tag="520" ind1=" " ind2=" ">
<subfield code="a">En este trabajo se procede a analizar desde un punto de vista eminentemente jurisprudencial la prueba ilícita en el proceso civil, entendida como aquella que se obtiene a través de la vulneración de derechos fundamentales y que no puede ser admitida por el juez en el proceso. Su concepto dependerá de la perspectiva doctrinal que se siga y es importante no confundirlo con otros términos como la prueba irregular y la prohibida. El Derecho español regula el derecho a la prueba en la Constitución española y la prueba ilícita en la LEC y en la LOPJ que declaran que no podrá surtir efectos. Respecto al modo de su exclusión en el proceso civil, la LEC regula en la primera instancia un incidente de ilicitud probatoria en el que se distingue un periodo de alegaciones, debate, resolución del incidente y recurso. Después podrá acudirse a la apelación y como última instancia a ciertos recursos e incidentes extraordinarios. El trabajo se cierra con una alusión a supuestos específicos de prueba ilícita: intervención de las comunicaciones, grabaciones de conversaciones, entrada y registro en domicilio, prueba biológica, prueba audiovisual e informes de detectives.</subfield>
</datafield>
<datafield tag="024" ind2=" " ind1="8">
<subfield code="a">https://uvadoc.uva.es/handle/10324/48036</subfield>
</datafield>
<datafield tag="245" ind1="0" ind2="0">
<subfield code="a">Estudio jurisprudencial de la prueba ilícita en el proceso civil</subfield>
</datafield>
</record></metadata></record></GetRecord></OAI-PMH>